Molsheim - Choix Multiples - Statistiques

Statistiques générales
  • Ce quiz a été pris 19 fois
    17 depuis la dernière actualisation
  • Le résultat moyen est 6 sur 10
Statistiques - réponses
Question Réponse % Correct
Célèbre constructeur de voitures de sport dont le siège historique est situé à Molsheim Buggati
94%
Nom donner aux Alsaciens et Mosellans incorporés de force dans l'armée allemande lors de la Seconde Guerre mondiale. Très présent dans le patrimoine mémorial de la ville. Les malgrés-nous
88%
Laquelle de ces villes n'est pas sous-préfecture du Bas-Rhin contrairement a Molsheim et les trois autres villes ? Obernai
75%
Molsheim a été une ville bastion du mouvement religieux nommé "Contre-Réforme" aux XV-XVIe siècle. De quoi s'agit-il ? Une réponse de l'Église Catholique face à la réforme protestante
75%
Quelle rivière alsacienne passe par Molsheim avant de se jeter à Strasbourg ? La Bruche
69%
Quelle image montre le Metzig de Molsheim ?
50%
Quel évènement est organisé tous les ans, mettant à l'honneur les voitures de la marque en Question 1 ? Le Festival [Nom de la marque]
44%
Que signifie "Molsheim" si on traduit le nom de la ville ? Village des Meuniers
38%
Quel édifice religieux abrite aujourd'hui le musée de la Chartreuse ? Le monastère des Chartreux
25%
Auquel siècle, l'Église jésuite de Molsheim a-t-elle été construite ? XVIe
25%
Aucun quiz correspondant
Distribution des résultats
% des personnes avec chaque résultat
Percentile par nombre de réponses
Votre historique - résultats
Vous n’avez pas pris ce quiz depuis la dernière actualisation